00738cam a2200229 a 4500001000800000005001700008008004100025010001700066020002800083040001800111041000800129080002200137082002600159100000700185101000800192245008400200504002900284906004500313942001200358999001700370952012100387195093720180216044013.0871109s1988 nyua b 000 0 eng  a 87031349  a0195053389 (alk. paper) aDLCcDLCdDLC aeng a808.042071173 TAT00a808.042071173 TAT219 a47 aEDU04aThe Writing teacher's sourcebook /c[edited by] Gary Tate, Edward P.J. Corbett. aIncludes bibliographies. a7bcbccorignewd1eocipf19gy-gencatlg 2ddccBK c42765d42765 00102udc40708PËKGa002b002cPËKGd2018-02-16l0o808.042071173 TATp002-2998440r2018-02-16w2018-02-16yBK